[Event "2nd Sharjah Masters 2018"]
[Site "Sharjah"]
[Date "2018.04.16"]
[Round "6"]
[White "Puranik, Abhimanyu"]
[Black "Raahul V S"]
[Result "1/2-1/2"]
[WhiteElo "2520"]
[BlackElo "2258"]
[Annotator "TA"]
[PlyCount "71"]
[EventDate "2018.??.??"]
[EventType "swiss"]
[EventCountry "UAE"]
[SourceTitle "playchess.com"]
[Source "ChessBase"]
[SourceQuality "1"]

{[%evp 16,71,16,13,46,42,53,35,92,97,108,89,109,115,105,105,106,110,72,78,83,118,112,27,20,20,14,22,28,9,22,14,152,150,131,135,185,156,282,179,302,312,516,505,614,0,0,0,0,0,0,0,0,0,0,0,0,0]} 1. e4 e5 2. Nf3 Nc6 3. Bb5 g6 4. d4 exd4 5. Bg5 Be7 6. Bxe7 Qxe7 7. Bxc6 dxc6 8. Qxd4 Nf6 9. Nc3 {LiveBook: 104 Games} c5 {C60: Ruy Lopez: Unusual Black 3rd moves and 3...g6} (9... Bg4 10. Nd2 c5 11. Qe3 O-O-O 12. f3 Be6 13. O-O-O b6 14. g4 Nd7 15. h3 Ne5 16. f4 Nc6 17. Nf3 {0-1 (34) Guseinov,G (2645)-Carlsen,M (2832) chess.com INT 2017}) 10. Qe3 Bd7 $146 ({Predecessor:} 10... O-O 11. O-O-O Bd7 12. e5 Ng4 13. Nd5 Qe6 14. Qxc5 b6 15. Qd4 c5 16. Qf4 Bc6 17. Ng5 Qxe5 18. Qxg4 Bxd5 19. Rhe1 Qd6 20. Qh4 h5 21. Ne4 {1-0 (21) Czakon,J (2370)-Bartel,M (2150) Krynica 2003}) 11. O-O-O {e5 is the strong threat.} Bc6 (11... O-O-O $1 $14) 12. Rhe1 $16 O-O {[#]} 13. e5 $1 {aiming for Qg5.} Nd7 14. Nd5 Bxd5 15. Rxd5 c6 16. Rd6 Rfe8 17. Qf4 Nb6 18. c4 Rad8 {[#]} 19. Red1 ({White should play} 19. b3 $1 $16) 19... Rxd6 $11 20. Rxd6 Nd7 {[%cal Rd7e5]} 21. e6 $36 {[%mdl 2048] White fights for an advantage.} fxe6 {White must now prevent ...e5.} 22. Qd2 Nb6 23. Ne5 Qh4 (23... Rf8 $11) 24. f4 $16 {[%mdl 1024] White has strong compensation.} Rf8 25. g3 Qh3 {Threatening ...Nxc4!} 26. Qe2 Kh8 (26... Qf5 $16 {is a better defense.} 27. Ng4 Kg7) 27. Nf3 Qh5 (27... Re8 $142 28. Ng5 Qf5) 28. Rxe6 $18 Nxc4 $2 (28... Nc8 29. Re8 Qf5 30. Rxf8+ Qxf8 31. Qe5+ Kg8 32. Qe6+ Kh8) 29. Re8 Kg7 30. Qe7+ $2 ({White must play} 30. Re7+ $18 Kg8 31. Qxc4+ Qd5 32. Qxd5+ cxd5 33. Rxb7) 30... Rf7 $11 {The position is equal.} 31. Qd8 {White threatens Ng5 and mate.} Qd5 $1 32. Rg8+ Kh6 33. Qh4+ Qh5 34. Qd8 Qd5 $1 35. Qh4+ Qh5 36. Qd8 {Precision: White = 70%, Black = 42%.} 1/2-1/2

[Event "2nd Sharjah Masters 2018"]
[Site "Sharjah"]
[Date "2018.04.16"]
[Round "6"]
[White "Gagare, Shardul"]
[Black "Jumabayev, Rinat"]
[Result "0-1"]
[WhiteElo "2502"]
[BlackElo "2612"]
[Annotator "TA"]
[PlyCount "134"]
[EventDate "2018.??.??"]
[EventType "swiss"]
[EventCountry "UAE"]
[SourceTitle "playchess.com"]
[Source "ChessBase"]
[SourceQuality "1"]

{[%evp 23,134,22,33,0,2,-6,-6,-6,0,0,118,92,119,110,108,112,112,107,118,117,115,107,133,127,115,-12,-10,-19,-27,-30,0,0,0,0,22,-31,0,0,0,0,-5,-60,-58,-58,-58,-132,-131,-118,-125,-124,-94,-117,-121,-125,-125,-165,-165,-165,-145,-153,-145,-145,-145,-185,-204,-229,-230,-232,-232,-243,-229,-348,-348,-344,-336,-390,-393,-365,-324,-423,0,-353,-302,-431,-392,-527,-527,-525,-522,-522,-520,-517,-500,-520,-490,-509,-477,-527,-452,-452,-452,-485,-437,-730,-729,-729,-705,-6319,-6258,-6095,-5568,-5065,-2392]} 1. d4 g6 2. c4 Bg7 3. g3 c5 4. d5 b5 5. cxb5 a6 6. bxa6 Nf6 7. Nc3 O-O 8. Bg2 d6 9. Nf3 Nbd7 {[%cal Bb8d7,Bd7b6,Bb6c4][%mdl 32] A58: Benko/Volga Gambit: Lines with 5 bxa6} 10. O-O Nb6 11. Nh4 Bxa6 12. Qc2 Nfd7 {LiveBook: 5 Games} 13. Rb1 Nc4 14. Bh3 $146 ({Find the theoretical novelty and annotate with similar games:} 14. b3 Qa5 15. Na4 Rfb8 16. Nf3 Qb4 17. Bh3 {0-1 (39) Volodin,A (2473)-Dominguez Perez,L (2720) Baku 2016}) 14... Ra7 15. a3 Qa5 16. b4 $1 {[%cal Rb4a5,Bb2b4,Bb4b5,Bb5b6][%mdl 32]} Qc7 {[#]} ({Avoid the trap} 16... Nxa3 $2 17. Bxa3 Qxa3 18. Rb3 $18) (16... cxb4 $11 {keeps the balance.} 17. axb4 Qc7) 17. b5 $1 $16 {[%cal Rb5a6]} Bb7 {[#]} 18. b6 $1 $36 {[%cal Rb6c7][%mdl 2560] Black is under strong pressure.} Ndxb6 (18... Ncxb6 19. Nb5) 19. Nb5 $1 {[%csl LRa7,LRc7]} Qb8 20. Nxa7 Qxa7 21. e4 Qa5 22. Rd1 Ba6 23. Bf1 Bb5 24. Rxb5 (24. Rb3 $16) 24... Qxb5 $11 25. Nf3 {Hoping for Nd2.} Ra8 26. Rd3 Qa4 27. Qb1 Nd7 {...Rb8 is the strong threat.} 28. Rb3 h6 29. Rb7 (29. Qc2 $11 Nce5 30. Nxe5 Nxe5 31. Kg2) 29... Na5 30. Rb5 Qd1 31. Kg2 c4 {Threatens to win with ...Nb3.} 32. Be3 (32. Bd2 $11 Qxb1 33. Rxb1) 32... Qxb1 $15 33. Rxb1 Nf6 34. Bd2 ({White should play} 34. Rb4 $15) 34... Nxe4 $17 35. Bxa5 Rxa5 36. Bxc4 Nc5 37. Rb8+ Kh7 38. h4 Rxa3 39. Re8 Bf6 40. Rb8 Kg7 41. Rb4 Rc3 42. Bb5 Rc2 43. g4 Bc3 44. Rf4 Bd2 45. Rc4 Rb2 46. Nxd2 Rxd2 $19 {[%mdl 4096] Endgame KRB-KRN} 47. Bc6 (47. Rf4 $142) 47... Nd3 48. Kg3 Nxf2 49. Rf4 Nd3 50. Rd4 Nc5 51. Rf4 Nd3 52. Rd4 g5 53. hxg5 (53. Ba4 {was called for.}) 53... hxg5 54. Ra4 Ne5 {Black is clearly winning.} 55. Bb7 Rb2 56. Bc8 Rb3+ 57. Kg2 Ng6 58. Ra5 Nf4+ 59. Kf2 Kf6 60. Bd7 Rd3 61. Bc6 Ng6 62. Ra4 Ne5 63. Bb7 (63. Bb5 $142 Rxd5 64. Be2) 63... Rf3+ 64. Kg2 Rf4 65. Rxf4+ gxf4 66. Bc8 Kg5 67. Kh3 Nc4 {Precision: White = 45%, Black = 74%.} 0-1

[Event "2nd Sharjah Masters 2018"]
[Site "Sharjah"]
[Date "2018.04.16"]
[Round "6"]
[White "Yakubboev, Nodirbek"]
[Black "Amin, Bassem"]
[Result "1/2-1/2"]
[WhiteElo "2482"]
[BlackElo "2700"]
[Annotator "TA"]
[PlyCount "60"]
[EventDate "2018.??.??"]
[EventType "swiss"]
[EventCountry "UAE"]
[SourceTitle "playchess.com"]
[Source "ChessBase"]
[SourceQuality "1"]

{[%evp 19,60,45,53,54,53,43,56,50,59,40,45,35,39,35,30,10,10,19,39,39,39,35,39,42,46,11,13,13,10,0,0,0,0,0,0,0,0,0,0,0,0,0,7]} 1. d4 Nf6 2. c4 e6 3. g3 c5 4. Nf3 {[%cal Bg1f3,Bf3d4,Bd4c2,Bc2e3,Be3d5][%mdl 32]} cxd4 5. Nxd4 Nc6 6. Bg2 Qb6 7. Nc2 d5 {A32: Symmetrical English: 2 Nf3 Nf6 3 d4 cxd4 4 Nxd4 e6} (7... Be7 8. O-O O-O 9. Nc3 d6 10. e4 a6 11. Kh1 Rb8 12. Bd2 Bd7 13. g4 h6 14. f4 Nh7 15. Rc1 Rfc8 16. b3 Qd8 17. Ne2 b5 {½-½ (17) Bacrot,E (2721)-Leko,P (2756) Dortmund 2009}) 8. cxd5 exd5 9. O-O Be7 10. Nc3 O-O {LiveBook: 4 Games} 11. Ne3 d4 12. Ned5 Qd8 13. Nxe7+ Qxe7 14. Bxc6 $1 {[#] aiming for Nd5.} dxc3 {[#]} 15. Bf3 $146 ({Find the theoretical novelty and annotate with similar games:} 15. Bg2) 15... Bh3 16. Re1 Bg4 {Threatens to win with ...Rfd8.} 17. Bg5 cxb2 18. Rb1 $1 {[#] Hoping for Bxg4.} Rfd8 19. Qb3 {Bxg4 is the strong threat.} Bxf3 20. exf3 Qd6 21. Rxb2 b6 22. Rd2 Qc5 {The position is equal.} 23. Rxd8+ $40 {[%mdl 128] White attacks.} Rxd8 24. Bxf6 (24. h4 {NOTEXT} h6 25. Rc1 Qd5 26. Bxf6 Qxb3 27. axb3 gxf6 28. b4) 24... gxf6 $11 {[%mdl 4096] Endgame KQR-KQR} 25. Qa4 a5 26. Re8+ Rxe8 27. Qxe8+ Kg7 28. a4 h6 29. Kg2 Qd5 30. h3 Qc5 {Precision: White = 65%, Black = 81%.} 1/2-1/2

[Event "2nd Sharjah Masters 2018"]
[Site "Sharjah"]
[Date "2018.04.16"]
[Round "6"]
[White "Darini, Pouria"]
[Black "Ashwath, R."]
[Result "1/2-1/2"]
[WhiteElo "2478"]
[BlackElo "2250"]
[Annotator "TA"]
[PlyCount "74"]
[EventDate "2018.??.??"]
[EventType "swiss"]
[EventCountry "UAE"]
[SourceTitle "playchess.com"]
[Source "ChessBase"]
[SourceQuality "1"]

{[%evp 23,74,0,0,0,0,-12,14,15,12,0,0,0,5,-2,0,0,0,0,0,0,0,0,0,0,0,0,8,7,12,0,0,0,0,0,0,0,0,0,0,0,0,0,0,0,0,0,0,0,0,0,0,0,0]} 1. e4 c5 2. Nf3 Nc6 3. Bb5 g6 4. Bxc6 bxc6 5. O-O Bg7 6. Re1 Nh6 7. c3 O-O 8. d4 cxd4 9. cxd4 d5 10. e5 {B31: Sicilian: 2...Nc6 3 Bb5 g6} f6 11. exf6 (11. Nbd2 fxe5 12. Nxe5 Bxe5 13. dxe5 Qb6 14. Nf3 Nf5 15. h3 c5 16. g4 Ng7 17. Bg5 Qe6 {0-1 (35) Van Foreest,J (2609)-Dubov,D (2677) Germany 2018}) 11... exf6 12. Nc3 {[%cal Bb1c3,Bc3a4,Ba4c5][%mdl 32]} Bg4 {LiveBook: 4 Games. The position is equal.} 13. Bxh6 $146 ({Find the theoretical novelty and annotate with similar games:} 13. h3 Bxf3 14. Qxf3 Nf5 15. Qd3 Qb6 16. Rd1 Rfe8 17. Kf1 Bf8 {0-1 (33) Padmini,R (2387)-Sebenik,M (2534) chess.com INT 2017}) 13... Bxh6 14. h3 Bd7 15. Na4 Rb8 16. Re2 Bf5 17. Nc5 Re8 18. Nh4 Be4 19. f3 Bg5 20. fxe4 {[#] Hoping for Nf3.} Bxh4 21. e5 fxe5 22. dxe5 Qb6 23. Rc1 Be7 24. Qd4 Bxc5 25. Rxc5 Re6 26. a3 a5 27. Kh1 Rbe8 28. b4 axb4 29. axb4 Qb8 {[%cal Re6e5]} 30. Kg1 Rxe5 31. Rxe5 Qxe5 32. Qxe5 Rxe5 33. Rxc6 $11 {KR-KR} Re2 34. Rc7 Rb2 35. Rb7 d4 36. Kf1 d3 {[#] White must now prevent ...Rb1+.} 37. Rd7 Rxb4 {Precision: White = 68%, Black = 78%.} 1/2-1/2

[Event "2nd Sharjah Masters 2018"]
[Site "Sharjah"]
[Date "2018.04.16"]
[Round "6"]
[White "Grivas, Efstratios"]
[Black "Bhambure, Shantanu"]
[Result "0-1"]
[WhiteElo "2468"]
[BlackElo "2155"]
[Annotator "TA"]
[PlyCount "96"]
[EventDate "2018.??.??"]
[EventType "swiss"]
[EventCountry "UAE"]
[SourceTitle "playchess.com"]
[Source "ChessBase"]
[SourceQuality "1"]

{[%evp 22,96,0,0,16,0,0,0,0,-5,2,0,0,0,0,0,0,0,15,0,3,11,10,13,145,147,158,104,98,87,125,118,118,45,50,21,36,12,12,10,29,27,16,14,25,0,0,0,0,0,77,-14,-14,-14,0,-106,-100,-266,-240,-232,-211,-407,-100,-264,-95,-201,-201,-396,-411,-389,-371,-508,-471,-633,-548,-667,-487]} 1. d4 Nf6 2. c4 e6 3. Nf3 d5 4. Nbd2 Nbd7 5. g3 b6 6. Bg2 Bb7 7. O-O Be7 8. b3 O-O 9. Bb2 c5 10. Rc1 Rc8 11. e3 dxc4 12. Nxc4 {LiveBook: 7 Games} Bd5 $146 {E17: Queen's Indian: 4 g3 Bb7 5 Bg2 Be7} ({Predecessor:} 12... b5 13. Nce5 Qb6 14. Qe2 Rfd8 15. Rfd1 Nxe5 16. Nxe5 Bxg2 17. Kxg2 Qb7+ 18. Qf3 Qxf3+ 19. Kxf3 Kf8 20. dxc5 Rxd1 21. Rxd1 Rxc5 {1-0 (55) Mchedlishvili,M (2621)-Smirnov,P (2626) Tashkent 2014}) 13. Qe2 Qc7 14. dxc5 Nxc5 {The position is equal.} 15. Nfe5 {[%cal Bf3e5,Be5d3,Bd3f4][%mdl 32]} Qb7 16. Bxd5 Nxd5 17. Rfd1 Rfd8 18. Bd4 f6 19. Bxc5 Bxc5 20. Nd3 Bf8 21. e4 {[%cal Be3e4,Be4e5][%mdl 32]} Nc7 22. e5 {next exf6 is good for White.} f5 (22... Nb5 $11) 23. Nf4 $16 {Threatens to win with Nd6.} Rxd1+ 24. Rxd1 ({Better is} 24. Qxd1 Qb8 25. Nd6) 24... Qc6 25. a4 ({Reject} 25. Nd6 Rd8 $11) 25... Be7 26. h4 Rd8 27. Rxd8+ Bxd8 28. Qd3 Be7 $1 29. Qd4 Ne8 30. a5 {[%cal Ra5b6]} Bc5 31. Qd3 Kf7 32. axb6 axb6 33. Nd2 Nc7 34. Nf3 h6 35. h5 Nd5 (35... Ke7 $11) 36. Kg2 (36. Nxd5 $1 $16 Qxd5 37. Qxd5 exd5 38. Kf1) 36... Nxf4+ $11 37. gxf4 Ke7 38. Kg3 {[#]} (38. Qa6 $11) 38... Qe8 $1 $17 {[%cal Re8h5]} 39. b4 $2 (39. Qd2 $17) 39... Bxb4 $19 40. Nd4 Bc5 41. Nb3 $2 (41. Qc4 Qc8 42. Kg2) 41... Qd7 $2 (41... Qxh5 $19 42. Qd2 Qg4+ 43. Kh2 Ke8 44. Nxc5 bxc5) 42. Qa6 $2 (42. Nxc5 $17 bxc5 43. Qc4) 42... Qc7 $2 (42... Qd1 $19 {is more deadly. ( -> ...Qg4+)} 43. Qa7+ Kf8 44. Nxc5 Qg4+ 45. Kh2 Qxf4+ 46. Kg2 Qg4+ 47. Kf1 Qd1+ 48. Kg2 Qd5+ 49. Kf1 Qd1+ 50. Kg2 Qg4+ 51. Kf1 Qc4+ 52. Kg2 bxc5 53. Qb8+ Kf7 54. Qc7+ Kg8) 43. Nd2 {[#]} (43. Qb5 $17 {might work better.}) 43... Qd8 $1 {[%cal Rd8d2]} 44. Nf3 $2 (44. Nc4) 44... Qe8 45. Qb7+ Kf8 46. Nh4 Qxh5 {...Qg4+ is the strong threat.Black is clearly winning.} 47. f3 Qe8 48. Kh3 Kg8 {Precision: White = 32%, Black = 49%.} 0-1

[Event "2nd Sharjah Masters 2018"]
[Site "Sharjah"]
[Date "2018.04.16"]
[Round "6"]
[White "Chakravarthi Reddy, M."]
[Black "Mullick, Raahil"]
[Result "0-1"]
[WhiteElo "2442"]
[BlackElo "2053"]
[Annotator "TA"]
[PlyCount "73"]
[EventDate "2018.??.??"]
[EventType "swiss"]
[EventCountry "UAE"]
[SourceTitle "playchess.com"]
[Source "ChessBase"]
[SourceQuality "1"]

{[%evp 14,73,-18,-16,-10,-16,-20,-12,0,0,18,-36,-31,-39,-40,-50,-6,-6,21,15,38,0,18,10,15,0,26,25,24,40,62,67,72,58,62,50,39,0,40,-104,-10,-33,0,-98,0,-395,-368,-1224,-1246,-1229,-1058,-1038,-1031,-974,-947,-895,-333,-343,-350,-29972,-3587,-29986]} 1. c4 e5 2. Nc3 Nf6 3. Nf3 Nc6 4. a3 d5 5. cxd5 Nxd5 6. Qc2 Nxc3 7. bxc3 {A28: English Opening: Four Knights Variation} Bd6 8. e4 {LiveBook: 4 Games} (8. e3 O-O 9. d4 Qe7 10. Be2 b6 11. O-O Bb7 12. Re1 Rfe8 13. Bb2 Na5 14. Bb5 c6 {1-0 (22) Kramnik,V (2808)-Karjakin,S (2781) Stavanger 2017}) 8... Bg4 $146 ({Predecessor:} 8... O-O 9. Be2 Qe7 10. O-O b6 11. d4 Bg4 12. Bg5 f6 13. Be3 Kh8 14. h3 Bd7 {0-1 (71) Bauer,C (2634)-Karpov,A (2670) Ajaccio 2007}) 9. Be2 {The position is equal.} Qe7 10. Rb1 Rb8 11. d4 {aiming for Nxe5.} O-O 12. d5 (12. Nxe5 $11 Bxe2 13. Nxc6 bxc6 14. Rxb8 (14. Kxe2 Rxb1 15. Qxb1 c5 $11) 14... Rxb8 15. Kxe2 (15. Qxe2 Bxa3 16. O-O Bxc1 $11)) 12... Na5 $15 13. O-O b6 14. a4 Bxf3 15. Bxf3 Nb7 16. g3 a5 17. Bg2 {[%cal Bf3g2,Bg2h3,Bh3e6,Be6f5][%mdl 32]} Bc5 18. Kh1 Nd6 19. f4 f6 20. Bh3 Kh8 21. Be6 exf4 22. gxf4 f5 23. e5 Ne4 $1 24. Bxf5 Nf2+ $1 25. Kg2 {Black must now prevent Be6.} Qh4 26. Ba3 (26. Rb5 $14 {keeps the upper hand.} g6 27. Be6) 26... Ng4 ({But not} 26... Qxf4 27. Rxf2 Bxf2 28. Bxf8 $15) (26... Bxa3 $17 27. Rxf2 g6) 27. Bxc5 $11 Qxh2+ 28. Kf3 Qh3+ (28... Nxe5+ $1 $17 29. Ke3 Ng4+ 30. Kd4 bxc5+ 31. Kxc5 Qh4 32. Bxg4 Rxb1 33. Rxb1 Qxg4) 29. Ke4 $2 {[%mdl 8192] [#]} (29. Ke2 $1 $11 bxc5 30. Rxb8 Rxb8 31. Bxg4 Qxg4+ 32. Ke3) 29... Rxf5 $1 $19 30. Rh1 $2 {[#]} (30. Qd3 Qh5 31. Qg3) 30... Qg3 $1 {[%csl Gg3][%cal Rf5f4][%mdl 512]} 31. Qd2 {[#]} Nf6+ $1 {[%mdl 512]} 32. exf6 Re8+ 33. Be7 Rxf6 34. Rbf1 Rxe7+ $2 (34... Rf7 35. Kd4 Rfxe7) 35. Kd4 Ref7 36. Ke4 $2 {[#]} (36. Kc4 $19) 36... g5 $1 {[%mdl 512]} 37. Kd4 {Precision: White = 32%, Black = 40%.} (37. fxg5 Re7+) 0-1

[Event "2nd Sharjah Masters 2018"]
[Site "Sharjah"]
[Date "2018.04.16"]
[Round "6"]
[White "Sindarov, Javokhir"]
[Black "Song, Yuxin"]
[Result "1-0"]
[WhiteElo "2431"]
[BlackElo "2075"]
[Annotator "TA"]
[PlyCount "77"]
[EventDate "2018.??.??"]
[EventType "swiss"]
[EventCountry "UAE"]
[SourceTitle "playchess.com"]
[Source "ChessBase"]
[SourceQuality "1"]

{[%evp 22,77,34,25,72,60,105,120,115,94,78,89,98,74,85,87,77,65,77,74,83,86,86,86,86,78,86,86,87,79,113,113,105,88,88,102,209,145,145,145,145,145,141,147,189,189,185,182,29991,29992,29993,29994,29996,29997,29997,29998,29998,29999]} 1. Nf3 Nf6 2. g3 e6 3. Bg2 d5 4. O-O Be7 5. d3 c5 6. Nbd2 Nc6 7. e4 dxe4 8. dxe4 Qc7 {C00: French: Unusual White 2nd moves} (8... e5 9. c3 O-O 10. Qe2 b6 11. Rd1 Qc7 12. Nf1 Rd8 13. Bg5 h6 14. Bxf6 Bxf6 15. Ne3 Rxd1+ 16. Rxd1 Be6 17. Nd5 Qc8 18. Nxf6+ gxf6 {1-0 (61) Kobalia,M (2596)-Derjabin,I (2360) Sochi 2017}) 9. Qe2 e5 10. c3 h6 11. Nc4 Be6 12. Nh4 {LiveBook: 3 Games} O-O-O 13. Nf5 Ne8 $146 14. Nce3 Bf6 15. Nd5 Bxd5 16. exd5 Ne7 17. Nxe7+ Bxe7 18. Re1 Bd6 19. c4 f5 20. Qh5 Rf8 21. Bd2 Qf7 22. Qxf7 Rxf7 23. Bc3 e4 24. f3 exf3 25. Bxf3 Nf6 26. Re6 $36 {[%mdl 2048] White is really pushing.} f4 27. gxf4 Bxf4 28. Rf1 Rd6 (28... Kc7 $16 {was called for.}) 29. Bg2 Rxe6 30. dxe6 Be3+ 31. Kh1 Re7 32. Be5 h5 33. Bh3 Bd4 34. Bd6 Re8 $2 {[#]} (34... Kd8 $18 35. Bf5 (35. Bxe7+ Kxe7 36. Kg2 g6 $16) 35... b6 36. Bxe7+ Kxe7) 35. Rxf6 $1 {[%csl Gd6][%cal Re6e7] White mates.} ({Weaker is} 35. e7+ Ng4 $16) 35... g5 36. Rf8 Rxf8 37. e7+ g4 38. exf8=Q+ Kd7 39. Qe7+ {Precision: White = 91%, Black = 42%.} 1-0

[Event "2nd Sharjah Masters 2018"]
[Site "Sharjah"]
[Date "2018.04.16"]
[Round "6"]
[White "Arjun Kalyan"]
[Black "Aradhya, Garg"]
[Result "0-1"]
[WhiteElo "2397"]
[BlackElo "2218"]
[Annotator "TA"]
[PlyCount "110"]
[EventDate "2018.??.??"]
[EventType "swiss"]
[EventCountry "UAE"]
[SourceTitle "playchess.com"]
[Source "ChessBase"]
[SourceQuality "1"]

{[%evp 26,110,15,4,4,5,35,39,45,22,25,23,23,29,27,17,27,25,36,25,40,27,58,55,60,48,50,18,29,14,16,-3,-3,-4,0,-8,8,0,8,8,8,8,8,8,8,8,8,8,8,8,8,0,0,0,0,0,8,0,0,0,8,8,8,8,8,8,8,8,8,0,0,-29968,-29971,-29970,-29971,-29974,-29978,-29980,-29981,-29981,-29980,-29982,-29983,-29982,-29983,-29984,-29985]} 1. e4 e6 2. d4 d5 3. Nc3 Nf6 4. Bg5 Be7 5. e5 Nfd7 6. Bxe7 Qxe7 7. f4 a6 8. Nf3 c5 9. dxc5 Nc6 10. Bd3 Qxc5 11. Qd2 b5 12. a3 Rb8 {C14: French: Classical System: 4 Bg5 Be7 main line} 13. b4 Qb6 14. Qf2 {[#] LiveBook: 3 Games} O-O $146 {The position is equal.} ({Predecessor:} 14... f6 15. exf6 Qxf2+ 16. Kxf2 gxf6 17. f5 {0-1 (44) Gao,R (2424)-Ding,L (2659) Qinhuangdao 2011}) 15. O-O f6 16. exf6 Rxf6 17. Ne2 (17. Rae1 {seems wilder.} h6 18. g3 Qxf2+ 19. Rxf2 Rb7 20. Nd1) 17... e5 18. Qxb6 Rxb6 19. fxe5 Ndxe5 20. Nxe5 Nxe5 21. Nd4 Bd7 22. Nb3 Nc4 23. Nc5 Be8 24. Rfe1 Rb8 25. Re7 Ra8 26. Rae1 Bg6 27. Rc7 Rf7 28. Ree7 Rxe7 29. Rxe7 Nxa3 30. Ne6 Nxc2 31. Rxg7+ Kh8 32. Rxg6 hxg6 33. Bxc2 a5 34. bxa5 ({Much worse is} 34. Bxg6 a4 $17) 34... Rxa5 35. Nd4 Kg7 36. Kf2 Kf6 37. h4 b4 38. g4 {[%cal Bg2g4,Bg4g5][%mdl 32]} Ra3 39. g5+ Ke5 $1 {[%cal Re5d4]} 40. Nc6+ Kf4 {[#] Hoping for ...b3.} 41. Bxg6 Ra2+ 42. Ke1 Kg4 43. Bd3 {Threatens to win with g6.} Kxh4 44. g6 Rg2 45. Ne7 Kh5 $1 46. Kf1 Rg5 47. Kf2 b3 48. Ke2 $2 {[%mdl 8192] [#]} (48. g7 $11 Rxg7 49. Nxd5) 48... Re5+ {Black mates.} 49. Kd2 Rxe7 {[%mdl 4096] Endgame KR-KB} 50. Bb1 Rc7 51. Bd3 Kh6 52. Bf5 Kg7 53. Bd3 b2 54. Bc2 d4 {[%cal Bd5d4,Bd4d3][%mdl 32]} 55. Kd1 d3 {Precision: White = 52%, Black = 75%.} 0-1

[Event "2nd Sharjah Masters 2018"]
[Site "Sharjah"]
[Date "2018.04.16"]
[Round "6"]
[White "Rajdeep Sarkar"]
[Black "Priyanka Nutakki"]
[Result "1-0"]
[WhiteElo "2393"]
[BlackElo "1957"]
[Annotator "TA"]
[PlyCount "87"]
[EventDate "2018.??.??"]
[EventType "swiss"]
[EventCountry "UAE"]
[SourceTitle "playchess.com"]
[Source "ChessBase"]
[SourceQuality "1"]

{[%evp 18,87,16,-12,10,10,17,24,20,26,106,0,10,2,26,11,18,-16,29,20,20,9,10,0,0,0,41,39,91,91,91,89,120,127,184,176,237,184,175,156,163,131,206,189,249,221,261,210,193,118,332,323,326,322,340,375,362,351,491,472,469,486,618,529,872,869,961,913,5481,1406,29997,29998]} 1. Nf3 Nf6 2. d4 e6 3. c4 b6 4. g3 Bb7 5. Bg2 Be7 6. O-O O-O 7. Nc3 Ne4 8. Qc2 Nxc3 9. Qxc3 c5 10. Qc2 {LiveBook: 9 Games. aiming for Ng5.} f5 {E19: Queen's Indian: Old Main Line with 7...Ne4 8 Qc2 Nxc3 8 Qxc3} (10... Bxf3 11. Bxf3 Nc6 12. dxc5 Nd4 13. Qd3 Nxf3+ 14. Qxf3 Bxc5 15. Rd1 Qe7 16. b3 Rab8 17. Bb2 Rfd8 18. Rac1 Ba3 19. Bxa3 Qxa3 20. Rc2 Qc5 21. Rcd2 Qc7 22. Rd6 b5 23. cxb5 Rxb5 24. Rxd7 Rbb8 {1-0 (24) Fressinet,L (2660)-Mullon,J (2388) Nancy 2017}) 11. b3 d6 12. Bb2 Nd7 $146 {White has an edge.} ({Predecessor:} 12... Nc6 13. Rad1 Bf6 14. a3 cxd4 15. Nxd4 Nxd4 16. Bxd4 Bxg2 17. Kxg2 Qe7 18. a4 Rac8 {½-½ (35) Ostojic,P (2410)-Adam,W New York,NY 1979}) 13. Rad1 Qc7 (13... Be4 $11 {remains equal.} 14. Qc3 Rf7) 14. Ne1 ({Better is} 14. d5 $1 $16) 14... cxd4 $11 15. Bxd4 Nf6 16. Ba1 Rac8 17. Qb2 Ne8 18. Qd2 Nf6 19. Qe3 e5 {[%cal Be6e5,Be5e4][%mdl 32]} 20. Bxb7 Qxb7 21. Qd3 e4 22. Qd2 b5 ({Black should play} 22... d5 $14) 23. cxb5 $1 $16 Qxb5 24. Ng2 Rc6 25. Nf4 Rfc8 {[#]} (25... d5 $16) 26. Ne6 $1 $18 {[%cal Re6d4] And now Nd4 would win.} Qb7 (26... Rb6 {keeps fighting.} 27. Rc1 (27. Qg5 Kf7 $16) 27... Qd7) 27. Nd4 Rc5 28. b4 {[%cal Bb3b4,Bb4b5][%mdl 32]} Rd5 29. Qb2 a5 {[#]} (29... f4 $16) 30. b5 $1 a4 (30... Rc4 $142 31. Qb3 Rb4) 31. Qb4 Ra8 32. Rb1 Rc5 33. Nc6 (33. Ne6 $18 {Threatens to win with Bxf6.} Rc2 34. Bxf6 Bxf6 35. Qxd6) 33... Bf8 $2 (33... Nd5 $16 34. Qd2 Bf6) 34. Bxf6 gxf6 35. Rfc1 Rxc1+ 36. Rxc1 d5 37. Qb2 Kg7 38. Nd4 Kg6 39. Rc6 Rb8 40. Qc3 {Nxf5! is the strong threat.} Qe7 41. Ne6 Rxb5 42. Nf4+ Kg5 43. h4+ (43. Rxf6 $142 e3 44. h4+ Kg4 45. Kg2 Qe4+ 46. f3+ Qxf3+ 47. exf3#) 43... Kg4 44. Kg2 {Precision: White = 75%, Black = 12%.} 1-0